[Event "WJCC U20 Open 2019"]
[Site "New Delhi"]
[Date "2019.10.17"]
[Round "4.33"]
[White "Donoso Diaz, Sebastian"]
[Black "Nigmatov, Ortik"]
[Result "1-0"]
[WhiteElo "2203"]
[BlackElo "2494"]
[Annotator "ChessBase"]
[PlyCount "71"]
[EventDate "2019.10.15"]
[EventType "swiss"]
[EventCountry "IND"]
[SourceTitle "playchess.com"]
[Source "ChessBase"]
[SourceQuality "1"]
[TimeControl "40/5400+30:1800+30"]

1. Nf3 {[%emt 0:00:00]} Nf6 {[%emt 0:00:00]} 2. c4 {[%emt 0:00:00]} g6 {[%emt 0:00:00]} 3. Nc3 {[%emt 0:00:00]} Bg7 {[%emt 0:00:00]} 4. e4 {[%emt 0:00:00]} d6 {[%emt 0:00:00]} 5. d4 {[%emt 0:00:05]} O-O {[%emt 0:00:00]} 6. h3 {[%emt 0:00:13]} Qe8 {[%emt 0:00:05]} 7. g4 {[%emt 0:10:59]} b6 {[%emt 0:03:55]} 8. Be3 {[%emt 0:02:32]} Bb7 {[%emt 0:00:46]} 9. Nd2 {[%emt 0:09:13]} Nc6 {[%emt 0:05:30]} 10. d5 {[%emt 0:08:50]} Nb8 {[%emt 0:05:09]} 11. h4 {[%emt 0:14:00]} e6 {[%emt 0:06:36]} 12. h5 {[%emt 0:11:19]} exd5 {[%emt 0:15:33]} 13. exd5 {[%emt 0:00:27]} Nbd7 {[%emt 0:01:22]} 14. Be2 {[%emt 0:00:46]} Nc5 {[%emt 0:04:05]} 15. Qc2 {[%emt 0:02:14]} c6 {[%emt 0:09:01]} 16. g5 {[%emt 0:02:09]} Nfd7 {[%emt 0:01:22]} 17. dxc6 {[%emt 0:02:54]} Bxc6 {[%emt 0:00:07]} 18. Rh4 {[%emt 0:00:08]} a6 {[%emt 0:09:10]} 19. Nde4 {[%emt 0:10:30]} Nxe4 {[%emt 0:07:23]} 20. Nxe4 {[%emt 0:00:07]} Qe5 {[%emt 0:04:43]} 21. O-O-O {[%emt 0:03:29]} Rfe8 {[%emt 0:01:26]} 22. Nxd6 {[%emt 0:04:21]} Re6 {[%emt 0:02:34]} 23. Rhd4 {[%emt 0:00:02]} Bf8 {[%emt 0:09:34]} 24. Nxf7 {[%emt 0:02:00]} Kxf7 {[%emt 0:00:37]} 25. Rxd7+ {[%emt 0:00:02]} Bxd7 {[%emt 0:00:08]} 26. Rxd7+ {[%emt 0:00:04]} Re7 {[%emt 0:01:40]} 27. Rd4 {[%emt 0:01:36]} Bg7 {[%emt 0:07:29]} 28. Bf3 {[%emt 0:01:51]} Rc8 {[%emt 0:04:06]} 29. hxg6+ {[%emt 0:00:02]} Kg8 {[%emt 0:00:15]} 30. Bd5+ {[%emt 0:01:01]} Kh8 {[%emt 0:00:28]} 31. Rh4 {[%emt 0:02:37]} Re6 {[%emt 0:00:08]} 32. Rxh7+ {[%emt 0:04:02]} Kg8 {[%emt 0:00:06]} 33. Bd2 {[%emt 0:01:15]} Rc7 {[%emt 0:01:36]} 34. Rh3 {[%emt 0:02:13]} Kf8 {[%emt 0:01:24]} 35. Rf3+ {[%emt 0:00:42]} Ke8 {[%emt 0:00:37]} 36. Bxe6 {[%emt 0:00:45]} 1-0

[Event "WJCC U20 Open 2019"]
[Site "New Delhi"]
[Date "2019.10.17"]
[Round "4.34"]
[White "Vykouk, Jan"]
[Black "Cansun, Can Alp"]
[Result "1-0"]
[WhiteElo "2468"]
[BlackElo "2199"]
[Annotator "ChessBase"]
[PlyCount "101"]
[EventDate "2019.10.15"]
[EventType "swiss"]
[EventCountry "IND"]
[SourceTitle "playchess.com"]
[Source "ChessBase"]
[SourceQuality "1"]
[TimeControl "40/5400+30:1800+30"]

1. e4 {[%emt 0:00:00]} c5 {[%emt 0:00:00]} 2. Nf3 {[%emt 0:00:00]} e6 {[%emt 0:00:00]} 3. d4 {[%emt 0:00:00]} cxd4 {[%emt 0:00:00]} 4. Nxd4 {[%emt 0:00:00]} a6 {[%emt 0:00:00]} 5. Bd3 {[%emt 0:00:00]} Nf6 {[%emt 0:00:00]} 6. O-O {[%emt 0:00:05]} Qc7 {[%emt 0:00:01]} 7. Qe2 {[%emt 0:00:16]} d6 {[%emt 0:00:13]} 8. f4 {[%emt 0:00:18]} Nbd7 {[%emt 0:00:16]} 9. c4 {[%emt 0:00:25]} Be7 {[%emt 0:00:42]} 10. Nc3 {[%emt 0:00:07]} b6 {[%emt 0:07:26]} 11. Bd2 {[%emt 0:00:54]} Bb7 {[%emt 0:00:53]} 12. b4 {[%emt 0:00:24]} O-O {[%emt 0:10:56]} 13. a3 {[%emt 0:00:06]} Rfe8 {[%emt 0:01:12]} 14. Nf3 {[%emt 0:02:40]} a5 {[%emt 0:08:28]} 15. Rae1 {[%emt 0:02:56]} axb4 {[%emt 0:03:09]} 16. axb4 {[%emt 0:00:06]} d5 {[%emt 0:02:48]} 17. cxd5 {[%emt 0:00:05]} exd5 {[%emt 0:00:38]} 18. e5 {[%emt 0:06:56]} Bxb4 {[%emt 0:03:45]} 19. Nb5 {[%emt 0:00:13]} Bc5+ {[%emt 0:00:33]} 20. Be3 {[%emt 0:00:16]} Qb8 {[%emt 0:04:25]} 21. Bxc5 {[%emt 0:12:41]} Nxc5 {[%emt 0:04:09]} 22. Nd6 {[%emt 0:00:16]} Qxd6 {[%emt 0:15:06]} 23. exd6 {[%emt 0:00:15]} Rxe2 {[%emt 0:00:05]} 24. Bxe2 {[%emt 0:00:06]} Rd8 {[%emt 0:00:05]} 25. Bb5 {[%emt 0:02:13]} Nfe4 {[%emt 0:01:09]} 26. Nd4 {[%emt 0:01:30]} Rxd6 {[%emt 0:01:07]} 27. Ra1 {[%emt 0:00:41]} h5 {[%emt 0:01:56]} 28. Ra7 {[%emt 0:02:29]} Kh7 {[%emt 0:04:00]} 29. Be2 {[%emt 0:03:51]} Kg6 {[%emt 0:04:52]} 30. Ra3 {[%emt 0:02:19]} Bc8 {[%emt 0:03:58]} 31. f5+ {[%emt 0:01:01]} Kh6 {[%emt 0:01:32]} 32. Ra8 {[%emt 0:00:09]} Rd8 {[%emt 0:00:44]} 33. Rb1 {[%emt 0:00:54]} Kg5 {[%emt 0:04:26]} 34. g3 {[%emt 0:09:19]} Nd7 {[%emt 0:09:42]} 35. h4+ {[%emt 0:10:32]} Kh6 {[%emt 0:02:08]} 36. Ba6 {[%emt 0:00:47]} Nd6 {[%emt 0:00:33]} 37. Nb5 {[%emt 0:00:49]} Nxf5 {[%emt 0:04:10]} 38. Rxc8 {[%emt 0:00:14]} Rf8 {[%emt 0:00:25]} 39. Kf2 {[%emt 0:01:35]} g5 {[%emt 0:00:19]} 40. hxg5+ {[%emt 0:00:34]} Kxg5 {[%emt 0:00:03]} 41. Rxf8 {[%emt 0:30:11]} Nxf8 {[%emt 0:30:05]} 42. Nc3 {[%emt 0:00:10]} h4 {[%emt 0:00:43]} 43. gxh4+ {[%emt 0:00:10]} Nxh4 {[%emt 0:00:09]} 44. Nxd5 {[%emt 0:00:19]} Ne6 {[%emt 0:00:07]} 45. Rxb6 {[%emt 0:00:23]} Ng6 {[%emt 0:00:07]} 46. Bc8 {[%emt 0:01:07]} Nd4 {[%emt 0:00:17]} 47. Ke3 {[%emt 0:01:39]} Nf5+ {[%emt 0:00:12]} 48. Bxf5 {[%emt 0:00:12]} Kxf5 {[%emt 0:00:02]} 49. Rb5 {[%emt 0:00:50]} Ne5 {[%emt 0:00:20]} 50. Nf4 {[%emt 0:00:21]} f6 {[%emt 0:00:14]} 51. Nd3 {[%emt 0:00:05]} 1-0

[Event "WJCC U20 Open 2019"]
[Site "New Delhi"]
[Date "2019.10.17"]
[Round "4.35"]
[White "Muradli, Mahammad"]
[Black "Vatsal Singhania"]
[Result "0-1"]
[WhiteElo "2459"]
[BlackElo "2157"]
[Annotator "ChessBase"]
[PlyCount "66"]
[EventDate "2019.10.15"]
[EventType "swiss"]
[EventCountry "IND"]
[SourceTitle "playchess.com"]
[Source "ChessBase"]
[SourceQuality "1"]
[TimeControl "40/5400+30:1800+30"]

1. d4 Nf6 2. c4 e6 3. Nf3 d5 4. Nc3 c6 5. Bg5 dxc4 6. e4 b5 7. e5 h6 8. Bh4 g5 9. Nxg5 hxg5 10. Bxg5 Be7 11. exf6 Bxf6 12. Bxf6 Qxf6 13. g3 Na6 14. Bg2 Bb7 15. a4 O-O-O 16. axb5 cxb5 17. Bxb7+ Kxb7 18. Nxb5 Nb4 19. O-O Nc6 20. Qe2 Qh6 21. f3 Rd5 22. b3 Rxb5 23. bxc4 Nxd4 24. Qa2 Qe3+ 25. Kh1 Rbh5 26. Qxa7+ Kc8 27. Qa8+ Kc7 28. Qa7+ Kd8 29. Qb8+ Ke7 30. Qb7+ Kf6 31. Ra2 Qd3 32. Qb1 Qxb1 33. Rxb1 Nxf3 0-1

[Event "WJCC U20 Open 2019"]
[Site "New Delhi"]
[Date "2019.10.17"]
[Round "4.36"]
[White "Maltezeanu, Stefan"]
[Black "Tica, Sven"]
[Result "1/2-1/2"]
[WhiteElo "2102"]
[BlackElo "2418"]
[Annotator "NA"]
[PlyCount "159"]
[EventDate "2019.10.15"]
[EventType "swiss"]
[EventCountry "IND"]
[SourceTitle "playchess.com"]
[Source "ChessBase"]
[SourceQuality "1"]
[TimeControl "40/5400+30:1800+30"]

1. e4 {[%emt 0:00:00]} c6 {[%emt 0:00:00]} 2. d4 {[%emt 0:00:00]} d5 {[%emt 0:00:00]} 3. Nd2 {[%emt 0:00:00]} dxe4 {[%emt 0:00:00]} 4. Nxe4 {[%emt 0:00:04]} Nf6 {[%emt 0:00:00]} 5. Nxf6+ {[%emt 0:00:04]} exf6 {[%emt 0:00:00]} 6. c3 {[%emt 0:00:04]} Bf5 {[%emt 0:00:04]} 7. Bd3 {[%emt 0:02:54]} Bxd3 {[%emt 0:00:26]} 8. Qxd3 {[%emt 0:00:06]} Bd6 {[%emt 0:00:06]} 9. Ne2 {[%emt 0:00:09]} O-O {[%emt 0:00:20]} 10. O-O {[%emt 0:00:09]} Re8 {[%emt 0:00:45]} 11. Ng3 {[%emt 0:03:40]} Nd7 {[%emt 0:02:34]} 12. Be3 {[%emt 0:04:14]} Nf8 {[%emt 0:04:02]} 13. Rfe1 {[%emt 0:01:44]} Qd7 {[%emt 0:01:38]} 14. Rad1 {[%emt 0:11:13]} Rad8 {[%emt 0:01:50]} 15. Re2 {[%emt 0:17:45]} Ne6 {[%emt 0:01:17]} 16. Rde1 {[%emt 0:10:05]} g6 {[%emt 0:05:12]} 17. d5 {[%emt 0:04:50]} Bxg3 {[%emt 0:05:04]} 18. hxg3 {[%emt 0:00:18]} Qxd5 {[%emt 0:00:33]} 19. Qxd5 {[%emt 0:00:06]} Rxd5 {[%emt 0:00:07]} 20. Bxa7 {[%emt 0:01:15]} Ra8 {[%emt 0:00:19]} 21. Bd4 {[%emt 0:03:07]} Nxd4 {[%emt 0:02:56]} 22. Re8+ {[%emt 0:00:34]} Rxe8 {[%emt 0:00:05]} 23. Rxe8+ {[%emt 0:00:04]} Kg7 {[%emt 0:00:06]} 24. cxd4 {[%emt 0:00:12]} Rxd4 {[%emt 0:00:01]} 25. Re2 {[%emt 0:02:17]} f5 {[%emt 0:00:49]} 26. f3 {[%emt 0:00:57]} Kf6 {[%emt 0:00:34]} 27. a3 {[%emt 0:01:27]} Rd3 {[%emt 0:03:58]} 28. Kf2 {[%emt 0:02:42]} h5 {[%emt 0:03:19]} 29. Ke1 {[%emt 0:04:48]} Rd5 {[%emt 0:02:50]} 30. Kf2 {[%emt 0:03:44]} Re5 {[%emt 0:00:59]} 31. Rxe5 {[%emt 0:08:34]} Kxe5 {[%emt 0:00:07]} 32. Ke3 {[%emt 0:00:02]} Kd5 {[%emt 0:01:54]} 33. Kd3 {[%emt 0:01:38]} g5 {[%emt 0:08:21]} 34. b3 {[%emt 0:06:55]} Kc5 {[%emt 0:12:33]} 35. Ke3 {[%emt 0:02:55]} Kd5 {[%emt 0:05:15]} 36. Kd3 {[%emt 0:00:07]} Ke5 {[%emt 0:01:43]} 37. Ke3 {[%emt 0:00:28]} f6 {[%emt 0:00:30]} 38. a4 {[%emt 0:07:00]} c5 {[%emt 0:03:05]} 39. a5 {[%emt 0:01:17]} Kd6 {[%emt 0:05:37]} 40. Kd3 {[%emt 0:00:25]} Kd5 {[%emt 0:00:07]} 41. Kc3 {[%emt 0:31:31]} g4 {[%emt 0:34:07]} 42. f4 {[%emt 0:00:00]} Ke4 {[%emt 0:00:00]} 43. Kc4 {[%emt 0:00:00]} h4 {[%emt 0:00:00]} 44. gxh4 {[%emt 0:00:00]} Kxf4 {[%emt 0:00:00]} 45. Kxc5 {[%emt 0:00:00]} Ke5 {[%emt 0:00:00]} 46. h5 {[%emt 0:00:00]} f4 {[%emt 0:00:00]} 47. h6 {[%emt 0:00:00]} f3 {[%emt 0:00:00]} 48. gxf3 {[%emt 0:00:00]} g3 {[%emt 0:00:00]} 49. h7 {[%emt 0:00:00]} g2 {[%emt 0:00:00]} 50. h8=Q {[%emt 0:00:00]} g1=Q+ {[%emt 0:00:00]} 51. Kb4 {[%emt 0:00:00]} Qd4+ {[%emt 0:00:00]} 52. Ka3 {[%emt 0:00:00]} Qc5+ {[%emt 0:00:00]} 53. Kb2 Qf2+ {[%emt 0:00:00]} 54. Ka3 {[%emt 0:00:00]} Qc5+ {[%emt 0:00:00]} 55. Kb2 {[%emt 0:00:00]} Qf2+ {[%emt 0:00:00]} 56. Ka3 {[%emt 0:00:00]} Qxf3 {[%emt 0:00:00]} 57. Qe8+ {[%emt 0:00:00]} Kd6 {[%emt 0:00:00]} 58. Qd8+ {[%emt 0:00:00]} Kc6 {[%emt 0:00:00]} 59. Qe8+ {[%emt 0:00:00]} Kc5 {[%emt 0:00:00]} 60. Qe7+ {[%emt 0:00:00]} Kb5 {[%emt 0:00:00]} 61. Qb4+ {[%emt 0:00:51]} Kc6 {[%emt 0:00:00]} 62. Qc4+ {[%emt 0:02:05]} Kd6 {[%emt 0:00:00]} 63. a6 {[%emt 0:01:05]} bxa6 {[%emt 0:00:00]} 64. Qxa6+ {[%emt 0:00:08]} Ke7 {[%emt 0:00:00]} 65. Qa7+ {[%emt 0:00:12]} Kf8 {[%emt 0:00:00]} 66. Qc5+ {[%emt 0:00:12]} Kg8 {[%emt 0:00:00]} 67. Qc8+ {[%emt 0:01:06]} Kg7 {[%emt 0:00:00]} 68. Qd7+ {[%emt 0:00:08]} Kh6 {[%emt 0:00:00]} 69. Qe6 {[%emt 0:00:46]} Kg5 {[%emt 0:00:00]} 70. Qe7 {[%emt 0:01:13]} Kg4 {[%emt 0:00:00]} 71. Qg7+ {[%emt 0:00:19]} Kh3 {[%emt 0:00:00]} 72. Qh6+ {[%emt 0:00:21]} Kg2 {[%emt 0:00:00]} 73. Qg6+ {[%emt 0:00:18]} Kh2 {[%emt 0:00:00]} 74. Qh6+ {[%emt 0:00:14]} Kg1 {[%emt 0:00:00]} 75. Qg6+ {[%emt 0:00:07]} Kf1 {[%emt 0:00:00]} 76. Qb1+ {[%emt 0:00:11]} Kf2 {[%emt 0:00:00]} 77. Qc2+ {[%emt 0:00:06]} Kg3 {[%emt 0:00:00]} 78. Qg6+ {[%emt 0:00:06]} Kf2 {[%emt 0:00:00]} 79. Qc2+ {[%emt 0:00:04]} Kg3 {[%emt 0:00:00]} 80. Qg6+ {[%emt 0:00:02]} 1/2-1/2

[Event "WJCC U20 Open 2019"]
[Site "New Delhi"]
[Date "2019.10.17"]
[Round "4.37"]
[White "O`Donnell, Conor"]
[Black "Dahanayake, Isara Banidu"]
[Result "1-0"]
[WhiteElo "2345"]
[BlackElo "1771"]
[Annotator "NA"]
[PlyCount "71"]
[EventDate "2019.10.15"]
[EventType "swiss"]
[EventCountry "IND"]
[SourceTitle "playchess.com"]
[Source "ChessBase"]
[SourceQuality "1"]
[TimeControl "40/5400+30:1800+30"]

1. d4 Nf6 2. c4 g6 3. f3 Bg7 4. e4 d6 5. Nc3 O-O 6. Be3 e5 7. Nge2 c6 8. Qd2 Nbd7 9. d5 cxd5 10. cxd5 a6 11. g4 h5 12. g5 Nh7 13. Nc1 f6 14. gxf6 Qxf6 15. Be2 Rf7 16. Nd3 Qe7 17. O-O-O Ndf8 18. Na4 Rb8 19. Nb6 Qd8 20. Rhg1 Kh8 21. Kb1 Bf6 22. Qb4 g5 23. Rc1 Be7 24. Nxc8 Rxc8 25. Qxb7 Ra8 26. Rc6 Ng6 27. Rgc1 Rf8 28. Rxa6 Rxa6 29. Qxa6 Qb8 30. Qa7 Qxa7 31. Bxa7 Nf4 32. Nxf4 gxf4 33. b4 Kg7 34. b5 Nf6 35. b6 Nd7 36. b7 1-0

[Event "WJCC U20 Open 2019"]
[Site "New Delhi"]
[Date "2019.10.17"]
[Round "4.38"]
[White "Jablonicky, Martin"]
[Black "De Silva, L M S T"]
[Result "1-0"]
[WhiteElo "2333"]
[BlackElo "1879"]
[Annotator "NA"]
[PlyCount "85"]
[EventDate "2019.10.15"]
[EventType "swiss"]
[EventCountry "IND"]
[SourceTitle "playchess.com"]
[Source "ChessBase"]
[SourceQuality "1"]
[TimeControl "40/5400+30:1800+30"]

1. Nf3 Nf6 2. b3 g6 3. Bb2 Bg7 4. g3 b6 5. Bg2 Bb7 6. O-O c5 7. c4 O-O 8. Nc3 d6 9. e3 Nbd7 10. d4 a6 11. d5 b5 12. Qc2 Nb6 13. Nd2 Qd7 14. e4 Rfb8 15. Rae1 bxc4 16. bxc4 Ng4 17. Nd1 Qa4 18. Qxa4 Nxa4 19. Bxg7 Kxg7 20. f4 Bc8 21. h3 Nh6 22. g4 Nb2 23. Nc3 f6 24. Re3 Nf7 25. Rfe1 Bd7 26. Bf1 g5 27. e5 fxe5 28. fxe5 Nxe5 29. Nf3 Nxf3+ 30. Rxf3 Re8 31. Ne4 Kh6 32. Rb3 Na4 33. Rb7 Rad8 34. Bd3 Bc8 35. Rc7 Nb2 36. Bf1 Rd7 37. Rc6 Rf8 38. Nxc5 Ra7 39. Rb1 Kg7 40. Rxc8 Rxc8 41. Ne6+ Kf6 42. Rxb2 h5 43. Bd3 1-0

[Event "WJCC U20 Open 2019"]
[Site "New Delhi"]
[Date "2019.10.17"]
[Round "4.39"]
[White "Mohd Saprin, Amir Ghaazi"]
[Black "Sterck, Arno"]
[Result "0-1"]
[WhiteElo "1942"]
[BlackElo "2331"]
[Annotator "NA"]
[PlyCount "104"]
[EventDate "2019.10.15"]
[EventType "swiss"]
[EventCountry "IND"]
[SourceTitle "playchess.com"]
[Source "ChessBase"]
[SourceQuality "1"]
[TimeControl "40/5400+30:1800+30"]

1. Nf3 {[%emt 0:00:00]} d5 {[%emt 0:00:00]} 2. c4 {[%emt 0:00:00]} d4 {[%emt 0:00:00]} 3. e3 {[%emt 0:11:12]} Nc6 {[%emt 0:00:00]} 4. b4 {[%emt 0:07:42]} dxe3 {[%emt 0:00:43]} 5. fxe3 {[%emt 0:00:55]} Nxb4 {[%emt 0:00:09]} 6. d4 {[%emt 0:00:25]} e5 {[%emt 0:05:18]} 7. a3 {[%emt 0:06:00]} Nc6 {[%emt 0:02:34]} 8. d5 {[%emt 0:01:28]} e4 {[%emt 0:00:07]} 9. dxc6 {[%emt 0:03:11]} Qxd1+ {[%emt 0:00:13]} 10. Kxd1 {[%emt 0:00:14]} exf3 {[%emt 0:00:03]} 11. gxf3 {[%emt 0:00:17]} Ne7 {[%emt 0:00:32]} 12. Nc3 {[%emt 0:11:20]} Nxc6 {[%emt 0:05:35]} 13. Nd5 {[%emt 0:01:07]} Bd6 {[%emt 0:00:38]} 14. Bb2 {[%emt 0:00:27]} Kf8 {[%emt 0:00:20]} 15. Rg1 {[%emt 0:07:43]} f6 {[%emt 0:01:17]} 16. h4 {[%emt 0:03:25]} Ne5 {[%emt 0:04:26]} 17. Be2 {[%emt 0:01:29]} c6 {[%emt 0:00:45]} 18. Nf4 {[%emt 0:14:35]} Kf7 {[%emt 0:02:32]} 19. Kc2 {[%emt 0:01:39]} Bc5 {[%emt 0:02:09]} 20. Bd4 {[%emt 0:12:28]} Bxd4 {[%emt 0:00:35]} 21. exd4 {[%emt 0:00:04]} Bf5+ {[%emt 0:00:17]} 22. Kc3 {[%emt 0:00:29]} Ng6 {[%emt 0:00:11]} 23. Ng2 {[%emt 0:03:40]} Rae8 {[%emt 0:02:52]} 24. Bd3 {[%emt 0:00:47]} Bxd3 {[%emt 0:00:18]} 25. Kxd3 {[%emt 0:00:04]} h5 {[%emt 0:00:15]} 26. Rab1 {[%emt 0:00:09]} Re7 {[%emt 0:00:15]} 27. Rb2 {[%emt 0:00:24]} Rd8 {[%emt 0:00:20]} 28. Kc3 {[%emt 0:01:05]} b6 {[%emt 0:01:04]} 29. a4 {[%emt 0:01:35]} Red7 {[%emt 0:02:41]} 30. Rd1 {[%emt 0:02:37]} Ne5 {[%emt 0:07:20]} 31. Rf2 {[%emt 0:00:32]} b5 {[%emt 0:00:49]} 32. axb5 {[%emt 0:04:43]} cxb5 {[%emt 0:00:07]} 33. cxb5 {[%emt 0:01:41]} Rc7+ {[%emt 0:00:48]} 34. Kb3 {[%emt 0:00:19]} Rd5 {[%emt 0:00:42]} 35. Ne3 {[%emt 0:00:30]} Rxb5+ {[%emt 0:03:00]} 36. Ka4 {[%emt 0:00:13]} Rcb7 {[%emt 0:02:13]} 37. dxe5 {[%emt 0:00:18]} Rb4+ {[%emt 0:01:40]} 38. Ka5 {[%emt 0:00:50]} R7b5+ {[%emt 0:06:57]} 39. Ka6 {[%emt 0:00:10]} Rb6+ {[%emt 0:00:04]} 40. Kxa7 {[%emt 0:00:11]} Rb7+ {[%emt 0:00:28]} 41. Ka6 {[%emt 0:30:56]} Rb8 {[%emt 0:31:01]} 42. Ka7 {[%emt 0:01:09]} R4b7+ {[%emt 0:00:14]} 43. Ka6 {[%emt 0:00:39]} Rb3 {[%emt 0:00:39]} 44. Ka7 {[%emt 0:00:00]} R8b4 {[%emt 0:00:00]} 45. Ra1 {[%emt 0:00:00]} Rxe3 {[%emt 0:00:00]} 46. exf6 {[%emt 0:00:00]} Kxf6 {[%emt 0:00:00]} 47. f4 {[%emt 0:00:00]} Rh3 {[%emt 0:00:00]} 48. Ra6+ {[%emt 0:00:00]} Kf7 {[%emt 0:00:00]} 49. Rg2 {[%emt 0:02:06]} Rhb3 {[%emt 0:00:00]} 50. Ra5 {[%emt 0:02:07]} Rxf4 {[%emt 0:00:00]} 51. Rgg5 {[%emt 0:01:28]} Rxh4 {[%emt 0:00:00]} 52. Raf5+ {[%emt 0:00:50]} Kg8 {[%emt 0:00:00]} 0-1

[Event "WJCC U20 Open 2019"]
[Site "New Delhi"]
[Date "2019.10.17"]
[Round "4.40"]
[White "Sivathanujan, S."]
[Black "Tifferet, Shaked"]
[Result "1/2-1/2"]
[WhiteElo "1766"]
[BlackElo "2224"]
[Annotator "NA"]
[PlyCount "110"]
[EventDate "2019.10.15"]
[EventType "swiss"]
[EventCountry "IND"]
[SourceTitle "playchess.com"]
[Source "ChessBase"]
[SourceQuality "1"]
[TimeControl "40/5400+30:1800+30"]

1. e4 e5 2. Nf3 Nc6 3. Bc4 Bc5 4. d3 Nf6 5. O-O d6 6. c3 a5 7. Be3 Bxe3 8. fxe3 O-O 9. Nbd2 a4 10. d4 Bg4 11. Qe1 Bxf3 12. Rxf3 Ne7 13. Qg3 Ng6 14. h4 c6 15. Raf1 d5 16. exd5 cxd5 17. Be2 exd4 18. exd4 Ne4 19. Nxe4 dxe4 20. Rf5 Qxh4 21. Qxh4 Nxh4 22. R5f4 g5 23. Rxe4 Ng6 24. Rf5 h6 25. Rb5 Nf4 26. Bc4 Rfc8 27. Bf1 a3 28. c4 axb2 29. Rxb2 Ne6 30. Kf2 Ra3 31. Re3 Ra4 32. d5 Nc5 33. a3 Ra5 34. Kf3 Rca8 35. Ra2 h5 36. Be2 f5 37. Kf2 Ne4+ 38. Ke1 g4 39. Bd1 Kf7 40. Rb2 Rxa3 41. Rxb7+ Kf6 42. Rb6+ Ke5 43. Re6+ Kf4 44. Rxa3 Rxa3 45. d6 Rd3 46. Rh6 Re3+ 47. Be2 Ra3 48. d7 Ra8 49. Bd1 Rd8 50. Ba4 Nc5 51. Bb5 Ke5 52. Rh7 Ke6 53. Rh6+ Ke5 54. Rh7 Ke6 55. Rh6+ Ke5 1/2-1/2

[Event "WJCC U20 Open 2019"]
[Site "New Delhi"]
[Date "2019.10.17"]
[Round "4.41"]
[White "Pranav Vijay"]
[Black "Li, William"]
[Result "1-0"]
[WhiteElo "2265"]
[BlackElo "2161"]
[Annotator "NA"]
[PlyCount "63"]
[EventDate "2019.10.15"]
[EventType "swiss"]
[EventCountry "IND"]
[SourceTitle "playchess.com"]
[Source "ChessBase"]
[SourceQuality "1"]
[TimeControl "40/5400+30:1800+30"]

1. d4 {[%emt 0:00:40]} Nf6 {[%emt 0:00:00]} 2. Bg5 {[%emt 0:00:12]} d5 {[%emt 0:00:00]} 3. Bxf6 {[%emt 0:00:07]} exf6 {[%emt 0:00:00]} 4. e3 {[%emt 0:00:45]} Be6 {[%emt 0:00:00]} 5. g3 {[%emt 0:01:30]} Bd6 {[%emt 0:01:01]} 6. Bg2 {[%emt 0:00:36]} c6 {[%emt 0:00:25]} 7. Ne2 {[%emt 0:00:22]} Nd7 {[%emt 0:04:13]} 8. Nd2 {[%emt 0:00:40]} f5 {[%emt 0:00:56]} 9. b3 {[%emt 0:02:50]} b5 {[%emt 0:02:34]} 10. c4 {[%emt 0:06:43]} b4 {[%emt 0:08:38]} 11. Qc2 {[%emt 0:07:40]} O-O {[%emt 0:03:47]} 12. O-O {[%emt 0:01:31]} Rc8 {[%emt 0:07:19]} 13. c5 {[%emt 0:05:05]} Be7 {[%emt 0:01:05]} 14. a3 {[%emt 0:00:09]} a5 {[%emt 0:06:31]} 15. axb4 {[%emt 0:02:01]} axb4 {[%emt 0:00:03]} 16. Ra6 {[%emt 0:00:45]} Qc7 {[%emt 0:06:18]} 17. Rfa1 {[%emt 0:01:00]} Rb8 {[%emt 0:00:21]} 18. Nf4 {[%emt 0:02:17]} g5 {[%emt 0:12:16]} 19. Ne2 {[%emt 0:00:23]} Bf6 {[%emt 0:09:35]} 20. Bh3 {[%emt 0:03:01]} f4 {[%emt 0:04:38]} 21. Bxe6 {[%emt 0:01:07]} fxe6 {[%emt 0:00:04]} 22. e4 {[%emt 0:04:02]} f3 {[%emt 0:12:37]} 23. Nxf3 {[%emt 0:01:57]} Nxc5 {[%emt 0:01:16]} 24. Qxc5 {[%emt 0:00:55]} Be7 {[%emt 0:00:01]} 25. Qc2 {[%emt 0:00:14]} Rxf3 {[%emt 0:00:10]} 26. Rxc6 {[%emt 0:00:05]} Qd8 {[%emt 0:06:07]} 27. Rxe6 {[%emt 0:00:32]} Qf8 {[%emt 0:00:22]} 28. exd5 {[%emt 0:01:17]} Rb7 {[%emt 0:03:04]} 29. Qc6 {[%emt 0:00:40]} Rxf2 {[%emt 0:00:50]} 30. d6 {[%emt 0:00:44]} Ra7 {[%emt 0:00:43]} 31. Re1 {[%emt 0:00:20]} Bd8 {[%emt 0:00:41]} 32. Re8 {[%emt 0:00:08]} 1-0

[Event "WJCC U20 Open 2019"]
[Site "New Delhi"]
[Date "2019.10.17"]
[Round "4.42"]
[White "Risting, Eivind Olav"]
[Black "Lama, Milan"]
[Result "1-0"]
[WhiteElo "2289"]
[BlackElo "1976"]
[Annotator "NA"]
[PlyCount "79"]
[EventDate "2019.10.15"]
[EventType "swiss"]
[EventCountry "IND"]
[SourceTitle "playchess.com"]
[Source "ChessBase"]
[SourceQuality "1"]
[TimeControl "40/5400+30:1800+30"]

1. d4 {[%emt 0:00:00]} d5 {[%emt 0:00:00]} 2. c4 {[%emt 0:00:00]} dxc4 {[%emt 0:00:00]} 3. e4 {[%emt 0:00:00]} e5 {[%emt 0:00:00]} 4. Nf3 {[%emt 0:00:01]} exd4 {[%emt 0:00:13]} 5. Bxc4 {[%emt 0:00:31]} Nc6 {[%emt 0:00:18]} 6. O-O {[%emt 0:00:10]} Be6 {[%emt 0:00:40]} 7. Bxe6 {[%emt 0:06:49]} fxe6 {[%emt 0:00:06]} 8. Qb3 {[%emt 0:00:04]} Qd7 {[%emt 0:00:10]} 9. Qxb7 {[%emt 0:00:06]} Rb8 {[%emt 0:00:11]} 10. Qa6 {[%emt 0:00:14]} Nf6 {[%emt 0:04:24]} 11. Nbd2 {[%emt 0:01:01]} Bd6 {[%emt 0:15:13]} 12. a3 {[%emt 0:00:44]} O-O {[%emt 0:00:56]} 13. b4 {[%emt 0:18:39]} Ng4 {[%emt 0:10:40]} 14. h3 {[%emt 0:13:30]} Nge5 {[%emt 0:06:20]} 15. Nxe5 {[%emt 0:01:14]} Nxe5 {[%emt 0:01:02]} 16. f4 {[%emt 0:03:53]} Ng6 {[%emt 0:08:09]} 17. g3 {[%emt 0:12:38]} c5 {[%emt 0:04:35]} 18. bxc5 {[%emt 0:06:20]} Bxc5 {[%emt 0:00:07]} 19. Qd3 {[%emt 0:02:36]} Qa4 {[%emt 0:06:38]} 20. h4 {[%emt 0:06:03]} Rfc8 {[%emt 0:10:30]} 21. Rb1 {[%emt 0:05:57]} Bb6 {[%emt 0:05:36]} 22. Rb4 {[%emt 0:03:07]} Rc3 {[%emt 0:05:09]} 23. Rxa4 {[%emt 0:05:49]} Rxd3 {[%emt 0:00:07]} 24. Kg2 {[%emt 0:02:43]} Rc8 {[%emt 0:01:22]} 25. Nc4 {[%emt 0:01:42]} Rc3 {[%emt 0:02:53]} 26. Nxb6 {[%emt 0:00:34]} Rc2+ {[%emt 0:07:38]} 27. Rf2 {[%emt 0:03:02]} axb6 {[%emt 0:02:59]} 28. Bd2 {[%emt 0:00:13]} Rd8 {[%emt 0:01:49]} 29. Ra6 {[%emt 0:01:55]} Rc6 {[%emt 0:03:17]} 30. Bb4 {[%emt 0:00:59]} Nf8 {[%emt 0:00:44]} 31. Rd2 {[%emt 0:00:46]} e5 {[%emt 0:01:56]} 32. Kf3 {[%emt 0:01:52]} exf4 {[%emt 0:00:53]} 33. gxf4 {[%emt 0:00:08]} Ne6 {[%emt 0:00:50]} 34. f5 {[%emt 0:00:32]} Nc5 {[%emt 0:00:59]} 35. Bxc5 {[%emt 0:02:27]} Rxc5 {[%emt 0:00:05]} 36. Rxb6 {[%emt 0:01:01]} Rc3+ {[%emt 0:00:16]} 37. Kf4 {[%emt 0:00:05]} Rxa3 {[%emt 0:00:24]} 38. Rb4 {[%emt 0:00:22]} d3 {[%emt 0:00:58]} 39. Rb7 {[%emt 0:00:19]} Ra4 {[%emt 0:00:41]} 40. Rg2 1-0